00549nam a22001697a 450000500170000001000150001702000260003203500130005803700130007108200130008410000160009724501000011326000460021327000730025930000270033250000200035920150623112029.0 aENG-112863 c450.00a9789350352687 aEN-96395 bDBAD/PUB a347.5401 aDivan, Anil aOn the front foot :cby Anil Divanbwritings of Anil Divan on courts, press and personalities / aNew DelhibUniversal Law Publishingc2014 aC-FF-1A, Dilkhush Industrial Estate G.T. Karnal Road,bDelhie110033 axxi, 340p. c24cm(pbk) aIncludes index